| Tag |
First Indicator |
Second Indicator |
Subfields |
| LEADER |
00000cam a2200000 a 4500 |
| 001 |
in00002580121 |
| 005 |
20220106091343.0 |
| 006 |
m d f |
| 007 |
cr bn||||||||| |
| 008 |
100609s2010 dcu o f000 0 eng c |
| 035 |
|
|
|a (OCoLC)ocn639606800
|
| 037 |
|
|
|a 552-070-40680-8
|b GPO
|f paper
|
| 040 |
|
|
|a GPO
|c GPO
|d GPO
|d MvI
|d UtOrBLW
|
| 042 |
|
|
|a pcc
|
| 043 |
|
|
|a n-us---
|
| 049 |
|
|
|a WWW
|
| 050 |
1 |
4 |
|a KF26
|b .A35 2009d
|
| 074 |
|
|
|a 1032-E (online)
|
| 086 |
0 |
|
|a Y 4.AG 8/3:S.HRG.111-240
|
| 110 |
1 |
|
|a United States.
|b Congress.
|b Senate.
|b Committee on Agriculture, Nutrition, and Forestry.
|
| 245 |
1 |
0 |
|a Nomination hearing to consider Gary Gensler to be chairman of the CFTC :
|b hearing before the Committee on Agriculture, Nutrition, and Forestry, United States Senate, One Hundred Eleventh Congress, first session, February 25, 2009.
|
| 264 |
|
1 |
|a Washington :
|b U.S. G.P.O.,
|c 2010.
|
| 300 |
|
|
|a 1 online resource (iii, 118 pages).
|
| 336 |
|
|
|a text
|b txt
|2 rdacontent
|
| 337 |
|
|
|a computer
|b c
|2 rdamedia
|
| 338 |
|
|
|a online resource
|b cr
|2 rdacarrier
|
| 490 |
1 |
|
|a S. hrg. ;
|v 111-240
|
| 500 |
|
|
|a Title from title screen (viewed on June 9, 2010).
|
| 500 |
|
|
|a Paper version available for sale by the Supt. of Docs., U.S. G.P.O.
|
| 500 |
|
|
|a Electronic resource.
|
| 600 |
1 |
0 |
|a Gensler, Gary S.
|
| 610 |
1 |
0 |
|a United States.
|b Commodity Futures Trading Commission
|x Officials and employees
|x Selection and appointment.
|
| 776 |
0 |
8 |
|i Print version:
|a United States. Congress. Senate. Committee on Agriculture, Nutrition, and Forestry.
|t Nomination hearing to consider Gary Gensler to be chairman of the CFTC
|h iii, 118 p.
|w (OCoLC)558631987
|
| 776 |
0 |
8 |
|i Microfiche:
|a United States. Congress. Senate. Committee on Agriculture, Nutrition, and Forestry.
|t Nomination hearing to consider Gary Gensler to be chairman of the CFTC
|h iii, 118 p.
|w (OCoLC)666378045
|
| 810 |
1 |
|
|a United States.
|b Congress.
|b Senate.
|t S. hrg. ;
|v 111-240.
|
| 856 |
4 |
0 |
|u https://purl.fdlp.gov/GPO/LPS122957
|t 0
|
| 999 |
|
|
|a MARS
|
| 999 |
f |
f |
|s 4d2e1e7e-dddd-3660-9896-27b70b1368fb
|i 2622b88f-322c-30d4-ab2b-d3374f87d3c2
|t 0
|
| 952 |
f |
f |
|a Texas A&M University
|b College Station
|c Electronic Resources
|d Available Online
|t 0
|e Y 4.AG 8/3:S.HRG.111-240
|h Superintendent of Documents classification
|
| 998 |
f |
f |
|a Y 4.AG 8/3:S.HRG.111-240
|t 0
|l Available Online
|